|
|
|
|
| LEADER |
01347nam a2200373 4500 |
| 001 |
000005024 |
| 003 |
1166 |
| 005 |
20120413070403.0 |
| 008 |
110808s2004 viesd |
| 020 |
|
|
|c 35000đ
|
| 041 |
0 |
|
|a vie
|
| 082 |
|
|
|a 811
|b MUO
|
| 245 |
|
0 |
|a 15 nhà thơ Mỹ thế kỷ XX
|b = 15 American poets of the XX century
|c John Ashbery, Robert Creeley, Robert Duncan... ; Dịch: Cù An Hưng, Hoàng Hưng, Phan Nhiên Hạo..
|
| 260 |
|
|
|a H.
|b Nxb. Hội Nhà văn ; Trung tâm Văn hoá Ngôn ngữ Đông Tây
|c 2004
|
| 300 |
|
|
|a 359 tr.
|c 23 cm.
|
| 653 |
|
|
|a Mỹ
|
| 653 |
|
|
|a Văn học hiện đại
|
| 653 |
|
|
|a Thơ
|
| 700 |
|
|
|a Hoàng Hưng
|e Dịch
|
| 700 |
|
|
|a Cù An Hưng
|e Dịch
|
| 700 |
|
|
|a Hoàng Hưng
|e Dịch
|
| 700 |
|
|
|a Phan Nhiên Hạo
|e Tổ chức bản thảo
|
| 700 |
|
|
|a Trịnh Lữ
|e Dịch
|
| 910 |
|
|
|a Huỳnh Thị Cẩm Lai
|d 08/08/2011
|
| OWN |
|
|
|a LSP
|
| AVA |
|
|
|a UDN50
|b LSP
|d 811 MUO
|e check_holdings
|t Error 5003 Not defined in file expand_doc_bib_avail.
|h N
|k 1
|
| 999 |
|
|
|a From the UDN01
|
| AVA |
|
|
|a UDN50
|b LSP
|d 811 MUO
|e available
|t Error 5001 Not defined in file expand_doc_bib_avail.
|f 15
|g 0
|h N
|i 0
|k 1
|
| TYP |
|
|
|a Monograph
|
| TYP |
|
|
|a Printed language
|
| 980 |
|
|
|a Mạng thư viện Đại học Đà Nẵng
|